000 00640cam a2200241ua 4500
001 27
008 171012n ii |||gr||||Z||||||eng
020 _a81-7635-312-4
040 _cMAIN
041 _aeng
082 _a001.6425
100 _aNorton`s , Peter.,
_eAuthor.
245 _aComplete guide to Microsoft Office 2000.
_cBy Peter Nortons.
250 _a1st.
260 _aNew Delhi 2.:
_bTechmedia.,999.
300 _axiv, 792 p.:
_bill.;
_c22 cm.
653 _aComputer Science.
653 _aMicrosoft Office.
700 1 _aNorton`s , Peter.,
_eAuthor.
700 _aFreeze, Jill T.,
700 _aFreeze,Wayne S.,
942 _cBK
999 _c21
_d21